Statistics for Formula 1 Drivers 2020

Click here to take the quiz!

General Stats

  • This quiz has been taken 422 times
    (420 since last reset)
  • The average score is 18 of 20

Answer Stats

TeamCountryDriver% Correct
MercedesGBRLewis Hamilton
100%
FerrariMONCharles Leclerc
98%
Red Bull Racing HondaNEDMax Verstappen
98%
MercedesFINValtteri Bottas
96%
McLaren RenaultESPCarlos Sainz
95%
McLaren RenaultGBRLando Norris
95%
FerrariGERSebastian Vettel
95%
Racing Point BWT MercedesMEXSergio Pérez
95%
RenaultAUSDaniel Ricciardo
94%
Red Bull Racing HondaTHAAlexander Albon
92%
AlphaTauri HondaFRAPierre Gasly
92%
RenaultFRAEsteban Ocon
90%
Racing Point BWT MercedesCANLance Stroll
89%
Williams MercedesGBRGeorge Russell
87%
Haas FerarriDENKevin Magnussen
86%
Alfa Romeo Racing FerrariFINKimi Räikkönen
85%
Williams MercedesCANNicholas Latifi
79%
Haas FerarriFRARomain Grosjean
75%
Alfa Romeo Racing FerrariITAAntonio Giovinazzi
72%
Alpha Tauri HondaRUSDanil Kvyat
67%

Score Distribution

Percentile by Number Answered

Percent of People with Each Score

Your Score History

You have not taken this quiz since the last reset